000 00326nam a22001337a 4500
008 181023b xxu||||| |||| 00| 0 eng d
020 _a9781413032871
041 _aeng
080 _a4 ED
_b370
100 _a37
101 _aEDU
245 _aFoundations Areader For New College Students
_cGordon.V.A
942 _2udc
_cBK
999 _c50665
_d50665